Loading...

Aham

Bibliografiske detaljer
Hovedforfatter: Bimal Mitra
Andre forfattere: Dinamany K (tr.)
Format: Printed Book
Udgivet: Kottayam D C Books 2008
Fag:
LEADER 00925nam a22002531a 4500
020 |a 9788126420490  |c 0.00 
040 |a SSUS - Library - Kalady 
082 |a M3 (ITr.)  |b BIM/A 
100 |a Bimal Mitra  
245 |a Aham  |h [Text] 
260 |a Kottayam  |b D C Books   |c 2008 
300 |a 226p. 
600 |a Literature 
600 |a Literature Malayalam 
600 |a Novel Malayalam 
600 |a Translation Bengali Novel 
700 |a Dinamany K (tr.) 
852 |h M3 (ITr.)  |i BIM/A  |p 068850  |9 110.00  |t 0 
852 |h M3 (ITr.)  |i BIM/A  |p 064601  |9 110.00  |t 0 
942 |c BK 
942 |c BK 
999 |c 1414  |d 1414 
952 |0 0  |1 0  |4 0  |6 M_3_000000000000000_ITR__BIM_A  |7 0  |9 2217  |a SSUS  |b SSUS  |d 2015-01-08  |g 110.00  |l 1  |o M3 (ITr.) BIM/A  |p 068850  |r 2016-12-09  |s 2016-12-01  |v 0.00  |w 2015-01-08  |y BK 
952 |0 0  |1 0  |4 0  |6 M_3_000000000000000_ITR__BIM_A  |7 0  |9 2218  |a SSUS  |b SSUS  |d 2015-01-08  |g 110.00  |o M3 (ITr.) BIM/A  |p 064601  |r 2015-01-08  |v 0.00  |w 2015-01-08  |y BK